000 00302nam a2200109Ia 4500
008 190216s9999||||xx |||||||||||||| ||und||
100 _aVinod Kumar G Arg &ventkitta Krishnan
245 0 _aEnterprise Resource Planning
260 _bPrentice Hall Of India Pvt Ltd
_c2003
300 _a185p
942 _cBK
999 _c6282
_d6282